Nghệ thuật thuyết trình : Bí quyết để thính giả nhớ những gì chúng ta nói
Cuốn sách sẽ giúp bạn đọc nắm bắt những nguyên tắc căn bản như là bí quyết của nghệ thuật thuyết trình: từ cách viết một bài diễn văn đến cách trình bày trước đám đông.
Enregistré dans:
| Auteur principal: | |
|---|---|
| Autres auteurs: | |
| Format: | Livre |
| Langue: | Vietnamese |
| Publié: |
TP. Hồ Chí Minh
Thanh hóa
2015
|
| Édition: | Tái bản lần 1 |
| Sujets: | |
| Tags: |
Ajouter un tag
Pas de tags, Soyez le premier à ajouter un tag!
|
| Thư viện lưu trữ: | Thư viện Trường Đại học Nam Cần Thơ |
|---|
| LEADER | 02494nam a22003137a 4500 | ||
|---|---|---|---|
| 001 | NCT_41241 | ||
| 008 | 180615b xxu||||| |||| 00| 0 vie d | ||
| 999 | |c 1982 |d 1982 | ||
| 020 | |a 9786047415861 |c 65000 | ||
| 082 | 0 | 4 | |2 23rd ed. |a 808.5 |b Ph549 |
| 100 | 1 | |a Collins, Philip | |
| 245 | 1 | 0 | |a Nghệ thuật thuyết trình : |b Bí quyết để thính giả nhớ những gì chúng ta nói |c Philip Collins ; Chương Ngọc (dịch) |
| 250 | |a Tái bản lần 1 | ||
| 260 | |a TP. Hồ Chí Minh |b Thanh hóa |c 2015 | ||
| 300 | |a 231tr. |c 21cm | ||
| 520 | 3 | |a Cuốn sách sẽ giúp bạn đọc nắm bắt những nguyên tắc căn bản như là bí quyết của nghệ thuật thuyết trình: từ cách viết một bài diễn văn đến cách trình bày trước đám đông. | |
| 653 | |a Quan hệ công chúng | ||
| 700 | 1 | |a Chương Ngọc | |
| 942 | |2 ddc |c BK | ||
| 952 | |0 0 |1 0 |2 ddc |4 0 |6 808_500000000000000_PH549 |7 0 |9 10601 |a 000001 |b 000001 |d 2018-06-15 |o 808.5 Ph549 |p MD.09336 |r 2018-06-15 |v 65000.00 |w 2018-06-15 |y BK | ||
| 952 | |0 0 |1 0 |2 ddc |4 0 |6 808_500000000000000_PH549 |7 0 |9 10602 |a 000001 |b 000001 |d 2018-06-15 |l 1 |o 808.5 Ph549 |p MD.09337 |r 2018-12-11 |s 2018-11-28 |v 65000.00 |w 2018-06-15 |y BK | ||
| 952 | |0 0 |1 0 |2 ddc |4 0 |6 808_500000000000000_PH549 |7 0 |9 10603 |a 000001 |b 000001 |d 2018-06-15 |l 1 |o 808.5 Ph549 |p MD.09338 |r 2018-12-05 |s 2018-11-28 |v 65000.00 |w 2018-06-15 |y BK | ||
| 952 | |0 0 |1 0 |2 ddc |4 0 |6 808_500000000000000_PH549 |7 0 |9 10604 |a 000001 |b 000001 |d 2018-06-15 |l 1 |o 808.5 Ph549 |p MD.09339 |r 2020-10-20 |s 2020-08-25 |v 65000.00 |w 2018-06-15 |y BK | ||
| 952 | |0 0 |1 0 |2 ddc |4 0 |6 808_500000000000000_PH549 |7 0 |9 10605 |a 000001 |b 000001 |d 2018-06-15 |l 2 |o 808.5 Ph549 |p MD.09340 |r 2020-10-16 |s 2020-07-03 |v 65000.00 |w 2018-06-15 |y BK | ||
| 952 | |0 0 |1 0 |2 ddc |4 0 |6 808_500000000000000_PH549 |7 0 |9 10606 |a 000001 |b 000001 |d 2018-06-15 |l 2 |o 808.5 Ph549 |p MD.07693 |r 2019-11-25 |s 2019-11-13 |v 65000.00 |w 2018-06-15 |y BK | ||
| 952 | |0 0 |1 0 |2 ddc |4 0 |6 808_500000000000000_PH549 |7 0 |9 10607 |a 000001 |b 000001 |d 2018-06-15 |l 2 |o 808.5 Ph549 |p MD.07694 |r 2018-08-17 |s 2018-07-07 |v 65000.00 |w 2018-06-15 |y BK | ||
| 952 | |0 0 |1 0 |2 ddc |4 0 |6 808_500000000000000_PH549 |7 0 |9 10608 |a 000001 |b 000001 |d 2018-06-15 |o 808.5 Ph549 |p MD.07695 |r 2018-06-15 |v 65000.00 |w 2018-06-15 |y BK | ||
| 952 | |0 0 |1 0 |2 ddc |4 0 |6 808_500000000000000_PH549 |7 0 |9 10609 |a 000001 |b 000001 |d 2018-06-15 |o 808.5 Ph549 |p MD.07696 |r 2018-06-15 |v 65000.00 |w 2018-06-15 |y BK | ||
| 980 | |a Thư viện Trường Đại học Nam Cần Thơ | ||


